British Cities by Picture - Statistics

General Stats
  • This quiz has been taken 25 times
  • The average score is 8 of 12
Answer Stats
Picture Answer % Correct
Edinburgh
100%
London
100%
Glasgow
95%
Liverpool
95%
Newcastle
73%
Bristol
68%
York
68%
Brighton and Hove
45%
Norwich
45%
Portsmouth
45%
Nottingham
36%
Chester
32%
No matching quizzes found
Score Distribution
Percent of People with Each Score
Percentile by Number Answered
Your Score History
You have not taken this quiz